00402 2200157 4500001002100000008004100021035002000062245003300082100001900115260003200134300002200166020002200188084001400210082000800224990001200232INLIS000000000002779 IND  a0010-0925000126 aPencuri HaticAdhyra Irianto aAdhyra Irianto aJakartabRumah Oranyec2014 a308c(13 x 19 cm) a978-602-1588-80-2 a813 ADH p a813 a0755001